• 首页
  • 本馆介绍
  • 公告通知
  • 最新文献
  • 馆藏检索
  • 电子资源
  • 读者导购
  • 参考咨询
  • 我的图书馆
  • 登录
  • 详细信息显示
  • 放入我的书架
  • 预约/预借图书
  • 作者相关作品
  • 分类相关作品
  • 丛书相关作品
  • 出版社相关作品

书目信息

  • 表格格式
  • 工作单格式
  • 卡片格式
题名:
为货币辩护
    
 
作者: 罗安华 , 任金凤 著
分册:  
出版信息: 北京   九州出版社  2010
页数: 236页
开本: 24cm
丛书名:
单 册:
中图分类: F82
科图分类:
主题词: 货币--研究 , 货币
电子资源:
ISBN: 978-7-5108-0657-5
000 00890nam0 22002531 450
001 523
005 20140909101644.51
010    @a978-7-5108-0657-5@dCNY38.00
100    @a20101224d2010 em y0chiy50 ea
101 0  @achi
102    @aCN@b110000
105    @ay z 000yy
106    @ar
200 1  @a为货币辩护@AWei Huo Bi Bian Hu@f罗安华,任金凤著@FLuo An Hua, Ren Jin Feng Zhu
210    @a北京@c九州出版社@d2010
215    @a236页@d24cm
330    @a本书以大量的经济数据和金融逻辑推理模式,分析了应如何建立独立自主的货币应用体系,建立稳健货币发行、流通政策。通过对“货币人均率”的研究,继续完善马克思主义思想下的货币学说、货币模型假说和凯恩斯政治货币运动学说。
606 0  @a货币@x研究
606 0  @a货币
690    @aF82@v5
701  0 @a罗安华@ALuo An Hua@c(经济)@4著
701  0 @a任金凤@ARen Jin Feng@4著
801  0 @aCN@bTANGWEI@c20140603
905    @b0837135-37@dF82@e61@f3
    
    为货币辩护/罗安华,任金凤著.-北京:九州出版社,2010
    236页;24cm
    
    
    ISBN 978-7-5108-0657-5:CNY38.00
    本书以大量的经济数据和金融逻辑推理模式,分析了应如何建立独立自主的货币应用体系,建立稳健货币发行、流通政策。通过对“货币人均率”的研究,继续完善马克思主义思想下的货币学说、货币模型假说和凯恩斯政治货币运动学说。
●
相关链接 在E读中查询图书 在五车中查询图书 在当当中查询图书 在豆瓣中查询图书


正题名:为货币辩护     索取号:F82/61         预约/预借

序号 登录号 条形码 馆藏地/架位号 状态 备注
1 0837135   208371359   第一样本阅览室/ [索取号:F82/61] 在馆    
2 0837136   208371368   第一借阅区/ [索取号:F82/61] 在馆    
3 0837137   208371377   密集书库-海洋学院/ [索取号:F82/61] 在馆    
唐山师范学院图书馆 欢迎您!
大连网信软件有限公司© 版权所有